000 00602nmm a2200181Ia 4500
008 251105s9999||||xx |||||||||||||||||und||
020 _a9788491332169
041 _aeng
100 _aLorenzo Sánchez, Miguel
245 0 _aValència: Cultural Heritage and Sustainable Development Goals
264 _a[Madrid, España] :
_bPublicaciones de la Universidad de Valencia (PUV),
_c2019
300 _a116 páginas
650 _aEnvironmental Sciences
700 _aLorenzo Sánchez, Miguel
700 1 _a Revert Roldán, Ximo
856 _uhttps://public.digitaliapublishing.com/a/62663
942 _cCF
999 _c68046
_d68046